000
00314nam a22001337a 4500
003
SGT
082
_a
610.736
_b
P11Y
100
_a
YADAV, MANOJ KUMAR
245
_a
PRACTICAL EXPERIENCE RECORD BOOK B.SC. COURSE
250
_a
1ST
260
_a
JALANDHAR , PUNJAB
_b
LOTUS PUB.
_c
2011
300
_a
70
942
_2
ddc
_c
BK
999
_c
8178
_d
8178